| 000 | 01169nam a22002537a 4500 | ||
|---|---|---|---|
| 005 | 20090905115559.0 | ||
| 008 | 090905t xxu||||| |||| 00| 0 hin d | ||
| 010 | _aB-357212 | ||
| 020 |
_a9788190740180 _c90.00 |
||
| 035 | _aB-357212 | ||
| 037 | _bDBAD / PUB | ||
| 040 |
_adpl _bhn |
||
| 082 | _a650 | ||
| 100 | _aपल्लवी | ||
| 245 |
_aशिशु का विकास / _cपल्लवी |
||
| 246 |
_aSheeshu Ka Vikas _bby Pallvi |
||
| 260 |
_aदिल्ली _bखुराना प्रिंटर्स एंड पब्लिशर्स _c2009 |
||
| 270 |
_a2/7, कड़कड़ी रोड विश्वास नगर, शाहदरा _bदिल्ली _e110032 |
||
| 300 |
_a48पृ. _c24सेमी (सजिल्द) _bसचित्र |
||
| 650 | _2बाल अनुरक्षण | ||
| 650 | _2Child rearing | ||
| 942 |
_2ddc _cCH _h649.1 _mपल्लवी |
||
| 999 |
_c30040 _d30040 |
||